[Event "1 Bundesliga 2007/2008"]
[Site "Graz"]
[Date "2008.01.13"]
[Round "7"]
[Board "1"]
[White "Shengelia, Davit"]
[Black "Horvath, Tamas"]
[Result "1-0"]
[WhiteElo "2568"]
[BlackElo "2430"]
[PlyCount "143"]
[EventDate "2007.11.30"]
[EventType "team"]
[EventRounds "11"]
[EventCountry "AUT"]
[WhiteTeam "Styria Graz"]
[BlackTeam "RbEJ Gleisdorf"]

1.d4 Nf6 2.c4 e6 3.Nc3 Bb4 4.e3 c5 5.Bd3 Nc6 6.Nf3 Bxc3+ 7.bxc3 d6 8.e4 e5 9.d5
Ne7 10.Nh4 h6 11.h3 g5 12.Nf3 Rg8 13.g3 Qa5 14.Qb3 Nd7 15.h4 f6 16.hxg5 hxg5
17.Nd2 Qc7 18.Nf1 Nf8 19.Rb1 b6 20.Ne3 Nfg6 21.Ke2 Bd7 22.Bd2 O-O-O 23.a4 Rh8
24.Rhe1 Kb7 25.a5 Rb8 26.axb6 axb6 27.Rb2 Ra8 28.Reb1 Ra6 29.Qd1 Qc8 30.Qg1 Rh3
31.Qg2 Qh8 32.Nf5 Nxf5 33.exf5 Ne7 34.g4 Qh4 35.Be3 Rh2 36.Qg1 Nc8 37.Be4 Qh7
38.Kd3 Rh4 39.Qd1 Ba4 40.Qe2 Be8 41.f3 Ra5 42.Rg1 Qd7 43.Qg2 Qa4 44.Qc2 Qa3
45.Bc1 Qa4 46.Rg2 b5 47.Qxa4 Rxa4 48.Rh2 Rxh2 49.Rxh2 bxc4+ 50.Ke2 Ra2+ 51.Bd2
Nb6 52.Rh7+ Kc8 53.Re7 Bb5 54.Re6 Na4 55.Ke3 Nb2 56.Bc2 Kd7 57.Rxf6 Ba4 58.Rf7+
Ke8 59.Ra7 Bb3 60.Rxa2 Bxa2 61.Ke4 Bb3 62.Bb1 Na4 63.f6 Bd1 64.Kf5 Bxf3 65.Kxg5
Bxd5 66.Bg6+ Kf8 67.Bh5 Nb2 68.Kf5 Nd3 69.g5 Nf4 70.Bxf4 exf4 71.Kxf4 Be6 72.g6

[Event "1 Bundesliga 2007/2008"]
[Site "Graz"]
[Date "2008.01.13"]
[Round "7"]
[Board "3"]
[White "Nanu, Ciprian Costica"]
[Black "Sandhu, Mario"]
[Result "1-0"]
[WhiteElo "2527"]
[BlackElo "2308"]
[PlyCount "103"]
[EventDate "2007.11.30"]
[EventType "team"]
[EventRounds "11"]
[EventCountry "AUT"]
[WhiteTeam "Styria Graz"]
[BlackTeam "RbEJ Gleisdorf"]

1.Nf3 Nf6 2.d4 e6 3.e3 b6 4.Bd3 Bb7 5.O-O Be7 6.c4 O-O 7.Nc3 d5 8.b3 c5 9.cxd5
cxd4 10.Nxd4 Nxd5 11.Bb2 Nd7 12.Nxd5 Bxd5 13.Qh5 g6 14.Qe2 Bf6 15.Rac1 Nc5
16.Bc4 Bb7 17.b4 Ne4 18.f3 Nd6 19.Bb3 Nf5 20.Nxf5 gxf5 21.Rfd1 Qe7 22.Bxf6 Qxf6
23.Rc7 Rab8 24.Rdd7 Ba8 25.Qe1 a5 26.h3 Qg5 27.Kh2 axb4 28.Qg3 Qxg3+ 29.Kxg3
Rbe8 30.Kf4 Kg7 31.Rd6 Kf6 32.e4 fxe4 33.fxe4 Rd8 34.e5+ Kg6 35.Bc2+ Kg7 36.Rxe6
Bxg2 37.Rxb6 Bxh3 38.Rxb4 Be6 39.a4 Rc8 40.Rbb7 Rxc7 41.Rxc7 Rc8 42.Rxc8 Bxc8
43.Bf5 Ba6 44.a5 h6 45.Ke3 h5 46.Bd3 Bc8 47.a6 Bxa6 48.Bxa6 h4 49.Bf1 f6 50.e6
f5 51.Bh3 Kf6 52.Bxf5

[Event "1 Bundesliga 2007/2008"]
[Site "Graz"]
[Date "2008.01.13"]
[Round "7"]
[Board "4"]
[White "Frosch, Ronald"]
[Black "Wittmann, Walter"]
[Result "1/2-1/2"]
[WhiteElo "2229"]
[BlackElo "2279"]
[PlyCount "32"]
[EventDate "2007.11.30"]
[EventType "team"]
[EventRounds "11"]
[EventCountry "AUT"]
[WhiteTeam "RbEJ Gleisdorf"]
[BlackTeam "Styria Graz"]

1.d4 Nf6 2.Nf3 g6 3.g3 Bg7 4.Bg2 d5 5.O-O O-O 6.c4 Nc6 7.cxd5 Nxd5 8.Nc3 Nb6
9.d5 Na5 10.e4 c6 11.dxc6 Nxc6 12.Qe2 Bg4 13.Be3 Bxf3 14.Bxf3 Nd4 15.Bxd4 Qxd4
16.Rfd1 Qe5

[Event "1 Bundesliga 2007/2008"]
[Site "Graz"]
[Date "2008.01.13"]
[Round "7"]
[Board "5"]
[White "Danner, Georg"]
[Black "Wanderer, Thomas"]
[Result "1/2-1/2"]
[WhiteElo "2445"]
[BlackElo "2226"]
[PlyCount "177"]
[EventDate "2007.11.30"]
[EventType "team"]
[EventRounds "11"]
[EventCountry "AUT"]
[WhiteTeam "Styria Graz"]
[BlackTeam "RbEJ Gleisdorf"]

1.d4 Nf6 2.Nf3 e6 3.e3 b6 4.Bd3 Bb7 5.O-O Be7 6.c4 O-O 7.Nc3 d5 8.cxd5 exd5 9.b3
Nbd7 10.Bb2 Ne4 11.Qc2 f5 12.Rac1 Rc8 13.Nb5 c6 14.Nxa7 Rc7 15.Nb5 Rc8 16.Nc3
Bd6 17.Ne2 Qe7 18.Ng3 g6 19.Qe2 Ra8 20.a4 h5 21.Rfd1 Rae8 22.Rc2 h4 23.Nf1 Ndf6
24.Ne5 Bxe5 25.dxe5 Ng4 26.Bxe4 dxe4 27.Qc4+ Qe6 28.Nd2 b5 29.axb5 cxb5 30.Qxb5
Ba6 31.Qc6 Bd3 32.Qxe6+ Rxe6 33.Rc5 f4 34.exf4 Rxf4 35.Bd4 Rf5 36.Nc4 Bxc4
37.bxc4 Nxe5 38.Rb1 Nc6 39.Rxf5 gxf5 40.Be3 Ne5 41.c5 Rg6 42.h3 Nc4 43.Rc1 Ne5
44.Ra1 Rc6 45.Ra8+ Kf7 46.Rh8 Ng6 47.Rb8 Ke6 48.Re8+ Kf7 49.Rd8 Ke6 50.Kf1 Ra6
51.Ke1 f4 52.Bd4 f3 53.gxf3 exf3 54.Kd2 Nf4 55.Ke3 Nxh3 56.Kxf3 Ng5+ 57.Kg4 Nf7
58.Rf8 Ra4 59.Re8+ Kd5 60.Re7 Rxd4+ 61.Kf5 Nh6+ 62.Kg5 h3 63.f4 h2 64.Re5+ Kc4
65.Re1 Nf7+ 66.Kg4 Kxc5 67.Kg3 Kd5 68.Rh1 Rd3+ 69.Kxh2 Rf3 70.Kg2 Rxf4 71.Rf1
Rg4+ 72.Kf3 Ne5+ 73.Ke3 Re4+ 74.Kd2 Kd4 75.Rf8 Nc4+ 76.Kc2 Re2+ 77.Kb3 Rb2+
78.Ka4 Nb6+ 79.Ka3 Nc4+ 80.Ka4 Nd6 81.Rh8 Ne4 82.Ka3 Rb7 83.Rh4 Kd3 84.Rh3+ Kc2
85.Rh2+ Nd2 86.Ka4 Kc3 87.Rh3+ Kd4 88.Rh4+ Ne4 89.Ka3

[Event "1 Bundesliga 2007/2008"]
[Site "Graz"]
[Date "2008.01.13"]
[Round "7"]
[Board "6"]
[White "Perhinig, Robert"]
[Black "Hatzl, Stefan"]
[Result "1/2-1/2"]
[WhiteElo "2272"]
[BlackElo "2149"]
[PlyCount "101"]
[EventDate "2007.11.30"]
[EventType "team"]
[EventRounds "11"]
[EventCountry "AUT"]
[WhiteTeam "RbEJ Gleisdorf"]
[BlackTeam "Styria Graz"]

1.d4 Nf6 2.Nf3 e6 3.c4 c5 4.e3 cxd4 5.exd4 d5 6.Nc3 Nc6 7.Be2 Be7 8.O-O O-O 9.a3
dxc4 10.Bxc4 a6 11.Bg5 h6 12.Be3 b5 13.Ba2 b4 14.axb4 Nxb4 15.Bc4 Bb7 16.Qe2 Bd6
17.Ne5 Nfd5 18.Rfc1 Qh4 19.Qg4 Qxg4 20.Nxg4 h5 21.Bxd5 Nxd5 22.Nxd5 Bxd5 23.Ne5
Rfb8 24.Nd3 a5 25.Bd2 a4 26.Bc3 a3 27.bxa3 Rxa3 28.Nc5 Rba8 29.Rxa3 Rxa3 30.Bd2
Ra2 31.Be3 f5 32.g3 h4 33.Nd3 hxg3 34.hxg3 Bxg3 35.fxg3 Ra3 36.Bf4 Rxd3 37.Be5
g5 38.Rc7 f4 39.gxf4 gxf4 40.Bxf4 Rxd4 41.Be3 Rg4+ 42.Kf1 Ra4 43.Ke2 Be4 44.Bc5
Bg6 45.Ke3 Re4+ 46.Kf3 Re1 47.Kf4 Bf7 48.Bd4 Rf1+ 49.Ke4 Kh7 50.Rc3 Rf5 51.Rf3

[Event "1 Bundesliga 2007/2008"]
[Site "Graz"]
[Date "2008.01.13"]
[Round "7"]
[Board "4"]
[White "Kosten, Anthony C"]
[Black "Lipka, Juraj"]
[Result "1-0"]
[WhiteElo "2511"]
[BlackElo "2438"]
[PlyCount "45"]
[EventDate "2007.11.30"]
[EventType "team"]
[EventRounds "11"]
[EventCountry "AUT"]
[WhiteTeam "Holz Dohr"]
[BlackTeam "ASVOe Pamhagen"]

1.e4 e5 2.Nf3 Nc6 3.Bb5 Nf6 4.O-O Nxe4 5.Re1 Nd6 6.Nxe5 Be7 7.Bf1 O-O 8.d4 Nf5
9.c3 Nxe5 10.Rxe5 d6 11.Re1 d5 12.Nd2 Bd6 13.Nf3 Re8 14.Rxe8+ Qxe8 15.Bd3 Ne7
16.Qc2 h6 17.Bd2 Be6 18.Re1 Qc8 19.b3 Bf5 20.c4 Bxd3 21.Qxd3 Qf5 22.Qxf5 Nxf5
23.g4

[Event "1 Bundesliga 2007/2008"]
[Site "Graz"]
[Date "2008.01.13"]
[Round "7"]
[Board "4"]
[White "Haba, Petr"]
[Black "Schmittdiel, Eckhard"]
[Result "1/2-1/2"]
[WhiteElo "2536"]
[BlackElo "2417"]
[PlyCount "86"]
[EventDate "2007.11.30"]
[EventType "team"]
[EventRounds "11"]
[EventCountry "AUT"]
[WhiteTeam "Union Ansfelden"]
[BlackTeam "SK Absam"]

1.d4 e6 2.e4 d5 3.e5 c5 4.c3 Nc6 5.Nf3 Bd7 6.a3 c4 7.g3 Na5 8.Nbd2 Bc6 9.Bg2 Qd7
10.Qe2 Ba4 11.Nf1 O-O-O 12.Bf4 Ne7 13.h4 h6 14.h5 g5 15.Be3 Bg7 16.N1h2 Nf5
17.Ng4 Kb8 18.O-O Rc8 19.Nf6 Qd8 20.g4 Nxe3 21.fxe3 Bxf6 22.exf6 Rf8 23.e4 dxe4
24.Ne5 Qc7 25.Bxe4 Bc6 26.Bxc6 Nxc6 27.Qxc4 Nxe5 28.Qxc7+ Rxc7 29.dxe5 Rc4
30.Kf2 Rxg4 31.Ke3 Rg3+ 32.Ke4 Rg2 33.Rfd1 Re2+ 34.Kd4 Rd8+ 35.Kc4 Re4+ 36.Rd4
Rc8+ 37.Kb3 Rxd4 38.cxd4 Kc7 39.d5 Kd7 40.d6 Rc5 41.Re1 g4 42.Re3 Rc8 43.Rg3 Rc5

[Event "1 Bundesliga 2007/2008"]
[Site "Graz"]
[Date "2008.01.13"]
[Round "7"]
[Board "5"]
[White "Duer, Werner"]
[Black "Knoll, Hermann"]
[Result "1-0"]
[WhiteElo "2272"]
[BlackElo "2386"]
[PlyCount "119"]
[EventDate "2007.11.30"]
[EventType "team"]
[EventRounds "11"]
[EventCountry "AUT"]
[WhiteTeam "SK Absam"]
[BlackTeam "Union Ansfelden"]

1.d4 Nf6 2.Nf3 e6 3.e3 b6 4.Bd3 Bb7 5.O-O c5 6.Nbd2 Nc6 7.c3 Be7 8.a3 cxd4
9.cxd4 d5 10.b4 O-O 11.Bb2 a5 12.b5 Nb8 13.Ne5 Ne4 14.Rc1 Bd6 15.f3 Nxd2 16.Qxd2
f6 17.Nc6 Qd7 18.Nxb8 Raxb8 19.a4 e5 20.Bb1 e4 21.f4 Kh8 22.Ba2 h6 23.Qe2 f5
24.h4 Rf6 25.Qh5 Kh7 26.Bb3 Bb4 27.Bc3 Ba3 28.Ra1 Be7 29.Qe2 Rg6 30.h5 Rg4
31.Bd1 g6 32.hxg6+ Rxg6 33.Qh5 Rbg8 34.Ra2 R8g7 35.Be1 Bc8 36.Rc2 Qe8 37.Qh3 Qg8
38.Bh5 Rd6 39.Bh4 Bxh4 40.Qxh4 Bd7 41.Kh2 Qe6 42.Rc7 Qg8 43.Rf2 Be6 44.Rxg7+
Qxg7 45.Rc2 Qf8 46.Rc6 Rxc6 47.bxc6 Kg7 48.Qg3+ Kf6 49.Qg6+ Ke7 50.Be2 Kd6
51.Bb5 Qf7 52.Qxh6 Qe7 53.Qh8 Bf7 54.Kg3 Kc7 55.Qa8 Kd6 56.Qb8+ Qc7 57.Qh8 Qe7
58.Qe5+ Qxe5 59.fxe5+ Kc7 60.Kf4

[Event "1 Bundesliga 2007/2008"]
[Site "Graz"]
[Date "2008.01.13"]
[Round "7"]
[Board "6"]
[White "Hellmayr, Alois"]
[Black "Gerhold, Michael"]
[Result "1/2-1/2"]
[WhiteElo "2320"]
[BlackElo "2219"]
[PlyCount "20"]
[EventDate "2007.11.30"]
[EventType "team"]
[EventRounds "11"]
[EventCountry "AUT"]
[WhiteTeam "Union Ansfelden"]
[BlackTeam "SK Absam"]

1.Nf3 d5 2.d4 Nf6 3.c3 e6 4.Bg5 Be7 5.Nbd2 Nbd7 6.e3 O-O 7.Bd3 b6 8.O-O Bb7
9.Qc2 h6 10.Bh4 c5

[Event "1 Bundesliga 2007/2008"]
[Site "Graz"]
[Date "2008.01.13"]
[Round "7"]
[Board "2"]
[White "Gross, David"]
[Black "Sprenger, Jan Michael"]
[Result "1/2-1/2"]
[WhiteElo "2491"]
[BlackElo "2537"]
[PlyCount "26"]
[EventDate "2007.11.30"]
[EventType "team"]
[EventRounds "11"]
[EventCountry "AUT"]
[WhiteTeam "Mayrhofen/Zillertal"]
[BlackTeam "ASVOe Wulkaprodersdorf"]

1.e4 c5 2.Nf3 e6 3.d4 cxd4 4.Nxd4 Nf6 5.Nc3 Nc6 6.Ndb5 d6 7.Bf4 e5 8.Bg5 a6
9.Na3 b5 10.Nd5 Be7 11.Bxf6 Bxf6 12.c4 b4 13.Nc2 a5

[Event "1 Bundesliga 2007/2008"]
[Site "Graz"]
[Date "2008.01.13"]
[Round "7"]
[Board "4"]
[White "Tabernig, Bernhard"]
[Black "Likavsky, Tomas"]
[Result "1/2-1/2"]
[WhiteElo "2323"]
[BlackElo "2494"]
[PlyCount "162"]
[EventDate "2007.11.30"]
[EventType "team"]
[EventRounds "11"]
[EventCountry "AUT"]
[WhiteTeam "Mayrhofen/Zillertal"]
[BlackTeam "ASVOe Wulkaprodersdorf"]

1.d4 Nf6 2.c4 d6 3.Nf3 g6 4.Nc3 Bg7 5.e4 O-O 6.Be2 Nbd7 7.Be3 e5 8.d5 Ng4 9.Bg5
f6 10.Bh4 Nh6 11.Nd2 g5 12.Bg3 f5 13.exf5 Nf6 14.Nde4 Nxe4 15.Nxe4 Bxf5 16.Bd3
g4 17.Qc2 Kh8 18.a3 Bd7 19.Qe2 Rg8 20.O-O Qe7 21.b4 Raf8 22.Rfe1 Nf7 23.c5 h5
24.h4 Bh6 25.Ra2 Rc8 26.a4 Rgf8 27.Nc3 Rg8 28.Qe4 Rg7 29.c6 bxc6 30.dxc6 Be6
31.Nd5 Qd8 32.Rc2 Kg8 33.Bc4 Kf8 34.Rf1 Rb8 35.b5 Qc8 36.Ne3 Bxc4 37.Qxc4 Bxe3
38.fxe3 Ke7 39.e4 Qe6 40.Bf2 Qxc4 41.Rxc4 Ra8 42.a5 g3 43.Be3 Rg4 44.Rb4 Nd8
45.Rf5 Ne6 46.Rxh5 Nf4 47.Bxf4 Rxf4 48.Rg5 Rxh4 49.Rxg3 d5 50.Rg7+ Kd6 51.Rd7+
Kc5 52.Rb2 dxe4 53.Rxc7 e3 54.Rf7 a6 55.b6 Kxc6 56.Rf6+ Kd5 57.b7 Rb8 58.Kf1
Rf4+ 59.Rxf4 exf4 60.Rb6 Ke5 61.Ke2 Ke4 62.Rb2 Kd4 63.Rb4+ Kd5 64.Rb6 Ke4 65.Rb3
Kd5 66.Kf3 Kc4 67.Rb6 Kd3 68.Rd6+ Kc3 69.Rd7 Kb4 70.Kxf4 e2 71.Re7 Kxa5 72.Rxe2
Rxb7 73.g4 Rf7+ 74.Kg5 Kb4 75.Kg6 Rf1 76.g5 a5 77.Rg2 a4 78.Kh7 Rh1+ 79.Kg8 a3
80.g6 Rc1 81.g7 Rc7

[Event "1 Bundesliga 2007/2008"]
[Site "Graz"]
[Date "2008.01.13"]
[Round "7"]
[Board "5"]
[White "Kalod, Radek"]
[Black "Schiestl, Josef"]
[Result "1-0"]
[WhiteElo "2490"]
[BlackElo "2138"]
[PlyCount "44"]
[EventDate "2007.11.30"]
[EventType "team"]
[EventRounds "11"]
[EventCountry "AUT"]
[WhiteTeam "ASVOe Wulkaprodersdorf"]
[BlackTeam "Mayrhofen/Zillertal"]

1.d4 Nf6 2.c4 g6 3.Nc3 Bg7 4.e4 d6 5.Nf3 O-O 6.h3 e5 7.d5 a5 8.Bg5 Na6 9.g4 Nc5
10.Nd2 a4 11.Be2 c6 12.Qc2 Qa5 13.a3 Bd7 14.Kf1 Rfc8 15.Rd1 cxd5 16.exd5 Ra6
17.Rg1 Ne8 18.h4 Nc7 19.Be3 f5 20.h5 Raa8 21.h6 Bf8 22.gxf5 Be8

[Event "1 Bundesliga 2007/2008"]
[Site "Graz"]
[Date "2008.01.13"]
[Round "7"]
[Board "6"]
[White "Platzgummer, Fabian"]
[Black "Volkmann, Friedrich Karl"]
[Result "0-1"]
[WhiteElo "2174"]
[BlackElo "2434"]
[PlyCount "98"]
[EventDate "2007.11.30"]
[EventType "team"]
[EventRounds "11"]
[EventCountry "AUT"]
[WhiteTeam "Mayrhofen/Zillertal"]
[BlackTeam "ASVOe Wulkaprodersdorf"]

1.e4 Nf6 2.e5 Nd5 3.c4 Nb6 4.d4 d6 5.exd6 exd6 6.Nc3 Be7 7.Bd3 Nc6 8.Nge2 O-O
9.h3 Re8 10.O-O Bf6 11.a3 g6 12.Be3 Ne7 13.Ne4 Bg7 14.Bg5 d5 15.cxd5 Nbxd5
16.Bc4 h6 17.Bxd5 hxg5 18.Ba2 Nc6 19.N4g3 Nxd4 20.Nxd4 Qxd4 21.Qc2 Be6 22.Bxe6
Rxe6 23.Qxc7 Qb6 24.Qc4 Qxb2 25.Rab1 Qxa3 26.Rxb7 Rae8 27.Ne4 R6e7 28.Rb3 Qa5
29.Nd6 Rf8 30.Rb5 Qc7 31.Qd3 Rd7 32.Rd5 Rfd8 33.Rd1 Qc6 34.Nf5 Qxd5 35.Qxd5 Rxd5
36.Rxd5 Rxd5 37.Ne7+ Kf8 38.Nxd5 Ke8 39.Kf1 Kd7 40.Ke2 Kd6 41.Ne3 Kc5 42.Kd3 a5
43.Kc2 Bd4 44.Ng4 Kb4 45.Nh2 a4 46.Nf1 Bxf2 47.Nd2 Bd4 48.Kb1 f5 49.g4 Bc3

[Event "1 Bundesliga 2007/2008"]
[Site "Graz"]
[Date "2008.01.13"]
[Round "7"]
[Board "2"]
[White "Horvath, Jozsef"]
[Black "Balogh, Csaba"]
[Result "1/2-1/2"]
[WhiteElo "2519"]
[BlackElo "2575"]
[PlyCount "37"]
[EventDate "2007.11.30"]
[EventType "team"]
[EventRounds "11"]
[EventCountry "AUT"]
[WhiteTeam "SC Die Klagenfurter"]
[BlackTeam "SK Advisory Invest Baden"]

1.Nf3 Nf6 2.c4 e6 3.d4 d5 4.Nc3 dxc4 5.e4 Bb4 6.Bg5 c5 7.Bxc4 cxd4 8.Nxd4 Bxc3+
9.bxc3 Qa5 10.Bb5+ Bd7 11.Bxf6 gxf6 12.Qb3 Bxb5 13.Nxb5 O-O 14.O-O Nc6 15.c4
Rad8 16.Qg3+ Kh8 17.Qh4 Kg7 18.Qg4+ Kh8 19.Qh4

[Event "1 Bundesliga 2007/2008"]
[Site "Graz"]
[Date "2008.01.13"]
[Round "7"]
[Board "3"]
[White "Siebrecht, Sebastian"]
[Black "Pilaj, Herwig"]
[Result "1-0"]
[WhiteElo "2487"]
[BlackElo "2374"]
[PlyCount "85"]
[EventDate "2007.11.30"]
[EventType "team"]
[EventRounds "11"]
[EventCountry "AUT"]
[WhiteTeam "SK Advisory Invest Baden"]
[BlackTeam "SC Die Klagenfurter"]

1.c4 c5 2.Nf3 Nc6 3.d4 cxd4 4.Nxd4 Nf6 5.Nc3 g6 6.e4 Bg7 7.Be3 O-O 8.Be2 b6
9.O-O Bb7 10.f3 Qb8 11.Qd2 Rd8 12.Nb3 e6 13.Rfd1 d6 14.Bf1 Rd7 15.Bg5 Qf8 16.Qf4
Ne8 17.Qh4 Ne5 18.Rac1 Rc8 19.Nb5 a6 20.Na3 Rdc7 21.Qf2 Nd7 22.Qd2 Nc5 23.Be3
Be5 24.Rc2 Ba8 25.Nc1 Nd7 26.Nd3 Bg7 27.Rdc1 Nef6 28.b4 Qe7 29.Qf2 Rb8 30.c5
bxc5 31.bxc5 d5 32.e5 Ne8 33.f4 f6 34.c6 Qxa3 35.cxd7 Rxd7 36.Nc5 Rf7 37.Nxa6
Rd8 38.Bb6 Rfd7 39.Bxd8 Rxd8 40.Rc8 Qe7 41.Qc5 Kf7 42.Rxd8 Qxd8 43.Qa7+

[Event "1 Bundesliga 2007/2008"]
[Site "Graz"]
[Date "2008.01.13"]
[Round "7"]
[Board "4"]
[White "Genser, Harald"]
[Black "Baumegger, Siegfried"]
[Result "1/2-1/2"]
[WhiteElo "2351"]
[BlackElo "2440"]
[PlyCount "106"]
[EventDate "2007.11.30"]
[EventType "team"]
[EventRounds "11"]
[EventCountry "AUT"]
[WhiteTeam "SC Die Klagenfurter"]
[BlackTeam "SK Advisory Invest Baden"]

1.d4 Nf6 2.c4 e6 3.Nf3 d5 4.Nc3 c5 5.cxd5 cxd4 6.Qxd4 exd5 7.e4 Nc6 8.Bb5 Nxe4
9.Nxe4 dxe4 10.Qxe4+ Qe7 11.Qxe7+ Bxe7 12.Ne5 O-O 13.Nxc6 bxc6 14.Bxc6 Rb8
15.O-O Bf6 16.Bd5 a5 17.Bb3 Bd7 18.Bf4 Rbc8 19.Rfd1 Rfd8 20.Rac1 Be6 21.Rxd8+
Rxd8 22.Bxe6 fxe6 23.b3 Bb2 24.Rb1 Ba3 25.Kf1 Rc8 26.Rd1 Bb2 27.Ke2 a4 28.bxa4
Rc4 29.Rd2 Bf6 30.Bd6 Rxa4 31.a3 Kf7 32.Bb4 Ke8 33.Rd6 Kf7 34.Kd2 Ra7 35.Rd3 Rc7
36.Bc3 e5 37.f3 Ke6 38.Kc2 h5 39.Kb3 Kf5 40.Bd2 Rb7+ 41.Bb4 e4 42.Re3 exf3
43.Rxf3+ Ke4 44.Kc2 Rc7+ 45.Bc3 Be5 46.h3 g5 47.Kd2 Bf4+ 48.Ke2 g4 49.hxg4 hxg4
50.Rd3 Rc4 51.Bd2 Rc2 52.a4 Ra2 53.a5 Bxd2

[Event "1 Bundesliga 2007/2008"]
[Site "Graz"]
[Date "2008.01.13"]
[Round "7"]
[Board "5"]
[White "Stohl, Igor"]
[Black "Moser, Guenter"]
[Result "1/2-1/2"]
[WhiteElo "2543"]
[BlackElo "2354"]
[PlyCount "109"]
[EventDate "2007.11.30"]
[EventType "team"]
[EventRounds "11"]
[EventCountry "AUT"]
[WhiteTeam "SK Advisory Invest Baden"]
[BlackTeam "SC Die Klagenfurter"]

1.d4 f5 2.g3 Nf6 3.Bg2 d6 4.Nf3 g6 5.b3 Bg7 6.Bb2 O-O 7.O-O c6 8.c4 Ne4 9.Nc3
Nxc3 10.Bxc3 Qc7 11.Qd2 e6 12.Qf4 Re8 13.c5 e5 14.cxd6 exf4 15.dxc7 Na6 16.Rfe1
fxg3 17.hxg3 Nxc7 18.e3 Nd5 19.Bb2 Be6 20.Ng5 Bd7 21.Ba3 Bf6 22.Nf3 Be6 23.Ne5
Rad8 24.Nd3 Bf7 25.Rac1 Nb6 26.Bc5 Bd5 27.Bxb6 axb6 28.Bxd5+ Rxd5 29.a4 Ra8
30.Red1 Rad8 31.Re1 Be7 32.b4 Ra8 33.Ra1 Bf6 34.Ra2 Ra7 35.Rb1 Rd8 36.a5 b5
37.Rc2 Be7 38.Nc5 Kf7 39.f4 h5 40.Kg2 Rd5 41.Nd3 Kf6 42.Kf3 Ra8 43.Ne5 Bf8
44.Ke2 Be7 45.Kd3 Bf8 46.Kc3 Be7 47.Ra1 Ra6 48.Re2 Rd8 49.Raa2 Bf8 50.Nf3 Re8
51.Ne5 Rd8 52.e4 fxe4 53.Rxe4 Kf5 54.Rae2 Bg7 55.R4e3

[Event "1 Bundesliga 2007/2008"]
[Site "Graz"]
[Date "2008.01.13"]
[Round "7"]
[Board "5"]
[White "Kreisl, Robert"]
[Black "Novkovic, Milan"]
[Result "1/2-1/2"]
[WhiteElo "2322"]
[BlackElo "2413"]
[PlyCount "80"]
[EventDate "2007.11.30"]
[EventType "team"]
[EventRounds "11"]
[EventCountry "AUT"]
[WhiteTeam "SK KlZtgMPOe Maria Saal"]
[BlackTeam "SK Hohenems"]

1.e4 Nf6 2.e5 Nd5 3.d4 d6 4.c4 Nb6 5.exd6 exd6 6.Bd3 Nc6 7.Be3 Nb4 8.Nc3 Nxd3+
9.Qxd3 Be7 10.b3 O-O 11.Nge2 Re8 12.O-O Nd7 13.h3 Nf6 14.d5 Nd7 15.Qd2 Bf6
16.Rae1 Nc5 17.Nd4 Bd7 18.Bf4 a5 19.Rxe8+ Qxe8 20.Bg5 Bxd4 21.Qxd4 f6 22.Be3 Qg6
23.Kh2 Re8 24.Qd2 Qd3 25.Rd1 Qxd2 26.Rxd2 Ne4 27.Nxe4 Rxe4 28.c5 Rb4 29.Rc2 Bf5
30.cxd6 cxd6 31.Rc7 Rb5 32.Bf4 Bb1 33.Bxd6 Rxd5 34.Bf4 Rb5 35.a4 Rxb3 36.Bd2 b6
37.Rb7 Bd3 38.Bxa5 b5 39.axb5 Rxb5 40.Rxb5 Bxb5

[Event "1 Bundesliga 2007/2008"]
[Site "Graz"]
[Date "2008.01.13"]
[Round "7"]
[Board "6"]
[White "Grabher, Heinz"]
[Black "Schachinger, Mario"]
[Result "1/2-1/2"]
[WhiteElo "2258"]
[BlackElo "2308"]
[PlyCount "99"]
[EventDate "2007.11.30"]
[EventType "team"]
[EventRounds "11"]
[EventCountry "AUT"]
[WhiteTeam "SK Hohenems"]
[BlackTeam "SK KlZtgMPOe Maria Saal"]

1.e4 c6 2.Nc3 d5 3.Nf3 Bg4 4.h3 Bxf3 5.Qxf3 e6 6.d4 Nf6 7.e5 Nfd7 8.Be3 a6 9.Qg3
g6 10.h4 h5 11.Bd3 c5 12.f4 cxd4 13.Bxd4 Nc6 14.Ne2 Nxd4 15.Nxd4 Qb6 16.Nb3 Nc5
17.Nxc5 Bxc5 18.O-O-O Be3+ 19.Kb1 Bd4 20.b3 O-O-O 21.c4 Kb8 22.cxd5 Rxd5 23.Bc4
Bf2 24.Qc3 Rxd1+ 25.Rxd1 Rd8 26.Rxd8+ Qxd8 27.Kc2 Qxh4 28.Qd2 Qg3 29.Bxa6 Qe3
30.Qxe3 Bxe3 31.Bb5 Kc7 32.Be8 Bxf4 33.Bxf7 Kd7 34.Bxg6 h4 35.Kd3 Bxe5 36.a4 b6
37.b4 Bc7 38.Be4 Kd6 39.Kd4 Bd8 40.Bf3 Bf6+ 41.Kc4 Bg5 42.Kb5 Be3 43.Ka6 Ke5
44.Kb5 Kf4 45.Bb7 e5 46.Kc4 e4 47.Kc3 Bc1 48.a5 bxa5 49.bxa5 Be3 50.a6

[Event "1 Bundesliga 2007/2008"]
[Site "Graz"]
[Date "2008.03.13"]
[Round "8"]
[Board "1"]
[White "Horvath, Tamas"]
[Black "Rozentalis, Eduardas"]
[Result "1/2-1/2"]
[WhiteElo "2430"]
[BlackElo "2567"]
[PlyCount "86"]
[EventDate "2007.11.30"]
[EventType "team"]
[EventRounds "11"]
[EventCountry "AUT"]
[WhiteTeam "RbEJ Gleisdorf"]
[BlackTeam "SK Hohenems"]

1.e4 e6 2.d4 d5 3.Nd2 c5 4.Ngf3 Nf6 5.exd5 exd5 6.Bb5+ Bd7 7.Bxd7+ Nbxd7 8.O-O
Be7 9.dxc5 Nxc5 10.Nb3 Nce4 11.Nbd4 Qc8 12.c3 O-O 13.h3 a6 14.Bg5 b5 15.Qd3 Re8
16.Rad1 Ra7 17.Qb1 Nxg5 18.Nxg5 h6 19.Ngf3 Ne4 20.Nc2 Rd7 21.Rd3 Bc5 22.Qd1 Qb7
23.Nfd4 Qc7 24.Ne3 Ba7 25.Ndf5 Bb8 26.g3 g6 27.Nxh6+ Kg7 28.Nhg4 Ba7 29.Qf3 f5
30.Nxd5 Rxd5 31.Rxd5 fxg4 32.hxg4 Nxg3 33.Rfd1 Re7 34.Kg2 Ne4 35.Rd8 Nf6 36.g5
Ne8 37.Qh3 Qc6+ 38.Kg1 Rf7 39.Qh6+ Kg8 40.Rxe8+ Qxe8 41.Qxg6+ Kf8 42.Qh6+ Kg8
43.Qg6+ Kf8

[Event "1 Bundesliga 2007/2008"]
[Site "Graz"]
[Date "2008.03.13"]
[Round "8"]
[Board "2"]
[White "Baramidze, David"]
[Black "Meszaros, Tamas"]
[Result "1-0"]
[WhiteElo "2582"]
[BlackElo "2437"]
[PlyCount "108"]
[EventDate "2007.11.30"]
[EventType "team"]
[EventRounds "11"]
[EventCountry "AUT"]
[WhiteTeam "SK Hohenems"]
[BlackTeam "RbEJ Gleisdorf"]

1.e4 e5 2.Nf3 Nc6 3.Bb5 a6 4.Ba4 Nf6 5.O-O Nxe4 6.d4 b5 7.Bb3 d5 8.dxe5 Be6
9.Nbd2 Be7 10.c3 O-O 11.Bc2 f5 12.Nb3 Qd7 13.Nbd4 Nxd4 14.Nxd4 c5 15.Nxe6 Qxe6
16.f3 Ng5 17.Bxg5 Bxg5 18.f4 Bd8 19.Kh1 a5 20.Qf3 Bb6 21.Rad1 Rad8 22.Rd2 a4
23.Rfd1 d4 24.cxd4 Rxd4 25.Rxd4 cxd4 26.Qb7 Rf7 27.Qa6 Qc6 28.Bd3 Ra7 29.Qxb5
Qxb5 30.Bxb5 a3 31.b3 Rc7 32.Bc4+ Kf8 33.g3 g6 34.Kg2 h5 35.Kf3 Rd7 36.h3 Rh7
37.Rd2 Ba7 38.Bd3 Rc7 39.g4 hxg4+ 40.hxg4 fxg4+ 41.Kxg4 Kg7 42.Rc2 Rxc2 43.Bxc2
Bc5 44.Kf3 Bb4 45.Ke4 Bd2 46.Kxd4 Bxf4 47.b4 Kf7 48.Kd5 g5 49.Bf5 Ke7 50.Bg4 Bd2
51.Kc4 Bf4 52.e6 Bd6 53.Kb3 Kf6 54.Kxa3 Ke5

[Event "1 Bundesliga 2007/2008"]
[Site "Graz"]
[Date "2008.03.13"]
[Round "8"]
[Board "3"]
[White "Sandhu, Mario"]
[Black "Atlas, Valery"]
[Result "1-0"]
[WhiteElo "2308"]
[BlackElo "2473"]
[PlyCount "83"]
[EventDate "2007.11.30"]
[EventType "team"]
[EventRounds "11"]
[EventCountry "AUT"]
[WhiteTeam "RbEJ Gleisdorf"]
[BlackTeam "SK Hohenems"]

1.Nf3 c5 2.c4 b6 3.g3 Bb7 4.Bg2 Nf6 5.Nc3 g6 6.O-O Bg7 7.d3 O-O 8.e4 Nc6 9.h3 d6
10.Be3 Rc8 11.Qd2 Re8 12.Nh4 e6 13.Bh6 Bh8 14.Bg5 Qd7 15.f4 Rf8 16.g4 Qc7
17.Rae1 Nd7 18.f5 Nd4 19.Rf2 Ne5 20.f6 a6 21.Be3 b5 22.b3 b4 23.Ne2 Nxe2+
24.Qxe2 a5 25.g5 a4 26.d4 cxd4 27.Bxd4 Nc6 28.Bb2 Ra8 29.Nf3 axb3 30.axb3 Ra2
31.Qe3 e5 32.c5 Rfa8 33.cxd6 Qxd6 34.Rd2 Qe6 35.Red1 h5 36.Rd6 Qe8 37.R1d2 Nd4
38.Nxd4 exd4 39.Qxd4 Kh7 40.Qc4 Rc8 41.Rd8 Rxc4 42.Rxe8

[Event "1 Bundesliga 2007/2008"]
[Site "Graz"]
[Date "2008.03.13"]
[Round "8"]
[Board "5"]
[White "Wanderer, Thomas"]
[Black "Novkovic, Milan"]
[Result "0-1"]
[WhiteElo "2226"]
[BlackElo "2413"]
[PlyCount "66"]
[EventDate "2007.11.30"]
[EventType "team"]
[EventRounds "11"]
[EventCountry "AUT"]
[WhiteTeam "RbEJ Gleisdorf"]
[BlackTeam "SK Hohenems"]

1.e4 c5 2.Nc3 Nc6 3.g3 g6 4.Bg2 Bg7 5.d3 d6 6.Be3 Nd4 7.Qd2 Qa5 8.a3 Bd7 9.Rb1
Rb8 10.f4 Nh6 11.h3 f5 12.Nf3 O-O 13.O-O e6 14.Kh2 b5 15.e5 Nxf3+ 16.Bxf3 Qc7
17.Qf2 dxe5 18.fxe5 Rbc8 19.d4 cxd4 20.Bxd4 Nf7 21.Be2 a6 22.Bb6 Qb7 23.Bf3 Bc6
24.Bc5 Rfd8 25.Bxc6 Qxc6 26.Be7 Rd7 27.Bf6 Nxe5 28.Bxg7 Kxg7 29.Qf4 Nc4 30.Rf2
e5 31.Qg5 h6 32.Qc1 Rcd8 33.b3 Nd2